The summer of Riley / (Record no. 2140)

MARC details
000 -LEADER
fixed length control field 00852cam a2200265 a 4500
005 - DATE AND TIME OF LATEST TRANSACTION
control field 20250226084105.0
020 ## - INTERNATIONAL STANDARD BOOK NUMBER
International Standard Book Number 0060291419
020 ## - INTERNATIONAL STANDARD BOOK NUMBER
International Standard Book Number 0060291427
040 ## - CATALOGING SOURCE
Original cataloging agency DLC
Transcribing agency DLC
Modifying agency DLC
Language of cataloging eng
050 00 - LIBRARY OF CONGRESS CALL NUMBER
Classification number PZ7.B91527
Item number Stu 2001
082 00 - DEWEY DECIMAL CLASSIFICATION NUMBER
Classification number 813
Edition number 21
100 1# - MAIN ENTRY--PERSONAL NAME
Personal name Bunting, Eve
Dates associated with a name 1928-
245 14 - TITLE STATEMENT
Title The summer of Riley /
Statement of responsibility, etc. by Eve Bunting.
260 ## - PUBLICATION, DISTRIBUTION, ETC.
Place of publication, distribution, etc. New York :
Name of publisher, distributor, etc. Scholastic,
Date of publication, distribution, etc. 2001
300 ## - PHYSICAL DESCRIPTION
Extent 170 pages :
Dimensions 19 cm
505 ## - FORMATTED CONTENTS NOTE
Formatted contents note K
520 ## - SUMMARY, ETC.
Summary, etc. Shortly after he gets the perfect dog, Riley, eleven-year-old William must fight for his dog's life after Riley is taken away because he chases and injures an elderly neighbor's old horse.
521 ## - TARGET AUDIENCE NOTE
Target audience note 540
Source Lexile
521 ## - TARGET AUDIENCE NOTE
Target audience note K
Source Raz-Plus
650 #1 - SUBJECT ADDED ENTRY--TOPICAL TERM
Topical term or geographic name entry element Dogs
Form subdivision Fiction.
650 #1 - SUBJECT ADDED ENTRY--TOPICAL TERM
Topical term or geographic name entry element Divorce
Form subdivision Fiction.
906 ## - LOCAL DATA ELEMENT F, LDF (RLIN)
a 7
b cbc
c orignew
d 1
e ocip
f 20
g y-gencatlg
942 ## - ADDED ENTRY ELEMENTS (KOHA)
Source of classification or shelving scheme Dewey Decimal Classification
Koha item type Books
Suppress in OPAC No
999 ## -
-- 2140
-- 2140
Holdings
Withdrawn status Lost status Source of classification or shelving scheme Damaged status Not for loan Collection Home library Current library Shelving location Date acquired Total Checkouts Full call number Barcode Date last seen Price effective from Koha item type Copy number
    Dewey Decimal Classification     Juvenile Fiction Footprints International School Library Network Toul Kork Campus Footprints International School Library Network Toul Kork Campus TK Primary Library Room(4th Floor), Bookcase 3&4, Shelves 17-32, Yellow Books 11/07/2023   BUN 813 PZ7.B91527 FISTK04906 11/07/2023 11/07/2023 Books  
    Dewey Decimal Classification     Juvenile Fiction Footprints International School Library Network Toul Kork Campus Footprints International School Library Network Toul Kork Campus TTP Primary Yellow Bookshelves 02/26/2025   BUN 813 PZ7.B91527 2025-0683 02/26/2025 02/26/2025 Books 2